000 00484nam a2200181Ia 4500
008 151018s9999 xx 000 0 und d
082 _bRBASDV11006
_a891.463
100 _aऊ ज शेळके
245 _aआडवाट
250 _b1
260 _bसरिता प्रकाशन
_c1976
300 _a235
600 _aऊ ज शेळके
630 _aआडवाट
700 _aऊ ज शेळके
730 _aआडवाट
942 _cBOOK
999 _c1013358
_d1013355